000 00406cam a2200181ua 4500
020 _c4.00
041 _ahin
_h
082 _a891.54
_bDE/PA
100 _aDe, S K .
245 _aPanchayati Raj /
_cS K De.
_hTextual Documents
250 _a1 /
_b.
260 _aDelhi :
_bRajkamal Prakash ,
_c1962.
300 _a113 ; .
365 _a4.00
504 _a
942 _cBK
999 _c6434
_d6434